[Event "XVI Abierto de la Constitucion"]
[Site "San Sebastian de los Reyes"]
[Date "2014.12.02"]
[Round "3.12"]
[White "Guzman Castro, Enrique"]
[Black "Marcos Herrero, Francisco"]
[Result "1/2-1/2"]
[WhiteElo "1610"]
[BlackElo "1916"]
[PlyCount "160"]
[EventDate "2014.11.30"]

1. e4 c5 2. Nf3 Nc6 3. Bb5 g6 4. Bxc6 dxc6 5. d3 Bg7 6. Nc3 Nf6 7. h3 O-O 8.
Be3 b6 9. Qd2 Re8 10. Bh6 Bh8 11. O-O Qc7 12. a4 Ba6 13. Qf4 Qxf4 14. Bxf4 Nd7
15. Be3 Bf6 16. Rfd1 e5 17. Nd2 Bd8 18. g4 Bc7 19. Kg2 Bb7 20. Nf1 Nf8 21. Ng3
Ne6 22. Nce2 Rad8 23. h4 Kg7 24. b3 Nd4 25. Bxd4 cxd4 26. Ng1 Bc8 27. f3 Bd6
28. Nh3 Bb4 29. Rh1 Bc3 30. Rad1 b5 31. h5 Bd7 32. hxg6 hxg6 33. Ne2 Bb4 34.
Ng5 Rh8 35. Rxh8 Rxh8 36. Ra1 a5 37. Kg3 f6 38. Nh3 g5 39. Kg2 Ra8 40. Nf2 bxa4
41. Rxa4 c5 42. Ra2 Be6 43. Ra4 Bd7 44. Ra2 a4 45. Nd1 Bc6 46. Nb2 axb3 47.
Rxa8 Bxa8 48. cxb3 Bc6 49. Nc4 Bb5 50. Ng3 Bxc4 51. bxc4 Kf7 52. Kf1 Ke6 53.
Ke2 Ba5 54. Kd1 Bd8 55. Kc2 Kd7 56. Kb3 Kc6 57. Ka4 Kb6 58. Nf5 Kc6 59. Ng3 Bc7
60. Nf1 Bd8 61. Nd2 Bc7 62. Nb3 Bd8 63. Na5+ Kb6 64. Nb3 Kc6 65. Nd2 Bc7 66.
Nf1 Bd8 67. Ng3 Bc7 68. Nh5 Bd8 69. Ng7 Bc7 70. Ne6 Bb6 71. Nf8 Bd8 72. Ng6 Kb6
73. Nh8 Kc6 74. Nf7 Bc7 75. Nh8 Bd8 76. Ng6 Kb6 77. Nf8 Kc6 78. Ne6 Bb6 79. Ng7
Bc7 80. Ne6 Bb6 1/2-1/2

[Event "XVI Abierto de la Constitucion"]
[Site "San Sebastian de los Reyes"]
[Date "2014.12.02"]
[Round "3.13"]
[White "Reyes Peñas, Sebastian"]
[Black "Alvarez Gonzalez, Eduardo"]
[Result "1-0"]
[WhiteElo "1563"]
[BlackElo "1831"]
[PlyCount "125"]
[EventDate "2014.11.30"]

1. e4 c6 2. d4 d5 3. exd5 cxd5 4. Bd3 Nc6 5. c3 g6 6. Bf4 Bg7 7. Nf3 Bg4 8.
Nbd2 Nf6 9. h3 Bxf3 10. Nxf3 O-O 11. Qe2 Qa5 12. O-O e6 13. Ne5 Nh5 14. Bh2
Rac8 15. Nd7 Rfd8 16. Nc5 Qb6 17. a4 a6 18. Ra3 Qa7 19. a5 Bf8 20. b4 Nb8 21.
Bc2 Bd6 22. f4 Ng7 23. g4 Re8 24. Kh1 Nc6 25. Nd3 Qb8 26. Ne5 Qc7 27. Qe1 Nxd4
28. Ba4 Nc6 29. Qe2 Re7 30. Bg3 Ree8 31. Bh4 Rf8 32. Bg3 Na7 33. Nd7 Rfd8 34.
Bf2 Nb5 35. Bxb5 axb5 36. Nf6+ Kh8 37. Bb6 Qe7 38. Bxd8 Rxd8 39. g5 Nf5 40. Qd3
Qc7 41. Qf3 Qc4 42. Raa1 Rc8 43. Rac1 Be7 44. Nd7 Rc7 45. Ne5 Qb3 46. Nxf7+ Kg7
47. Ne5 Nd6 48. Ng4 Ne4 49. Qd3 Bxb4 50. Qd4+ Kg8 51. Nh6+ Kf8 52. Qxb4+ Qxb4
53. cxb4 Rc4 54. Kg2 Ke7 55. Rxc4 dxc4 56. Ng4 Nd2 57. Rc1 Nb3 58. Rc3 Nd2 59.
Nh2 Kd6 60. Nf3 Ne4 61. Rc2 c3 62. Kf1 Kd5 63. Ke2 {Tiempo.} 1-0

[Event "XVI Abierto de la Constitucion"]
[Site "San Sebastian de los Reyes"]
[Date "2014.12.02"]
[Round "3.14"]
[White "Camarero Izquierdo, Juan Carlos"]
[Black "Anton Quevedo, Andrea"]
[Result "1-0"]
[WhiteElo "1828"]
[BlackElo "1531"]
[PlyCount "97"]
[EventDate "2014.11.30"]

1. d4 Nf6 2. Nc3 d5 3. Bg5 Nbd7 4. Nf3 g6 5. Qd3 Bg7 6. O-O-O c6 7. Ne5 Qc7 8.
f4 h6 9. Bh4 b6 10. e4 Nh5 11. exd5 Nxf4 12. Qf3 Nxe5 13. dxe5 Nxd5 14. Nxd5
cxd5 15. Bb5+ Kf8 16. Rhf1 Bf5 17. Qb3 Rc8 18. Bd3 Bxd3 19. Rxd3 Bxe5 20. Rxd5
e6 21. Rd3 Kg7 22. Rfd1 Bxh2 23. Rf3 g5 24. Be1 Bf4+ 25. Kb1 Be5 26. Bc3 Bxc3
27. Rxc3 Qe5 28. Rcd3 Rhd8 29. a3 Rxd3 30. Qxd3 Rc7 31. Rf1 Qd5 32. Qg3 Rd7 33.
Qc3+ Qd4 34. Qf3 f5 35. Re1 Qd5 36. Qc3+ Kg6 37. Qc8 Re7 38. Qg8+ Kh5 39. Qf8
Rd7 40. Rh1+ Kg4 41. Qxh6 Qxg2 42. Re1 e5 43. Qe6 Qd5 44. Rg1+ Kf4 45. Rf1+ Kg3
46. Qxf5 Kh4 47. Rg1 Qd4 48. Qxg5+ Kh3 49. Rh1# 1-0

[Event "XVI Abierto de la Constitucion"]
[Site "San Sebastian de los Reyes"]
[Date "2014.12.02"]
[Round "3.16"]
[White "Guillo Longares, Cecilia"]
[Black "Asins Martin, Jose"]
[Result "1-0"]
[WhiteElo "1731"]
[BlackElo "1264"]
[PlyCount "63"]
[EventDate "2014.11.30"]

1. d4 Nf6 2. c4 g6 3. Nc3 Bg7 4. Nf3 O-O 5. e4 d6 6. Be2 Nc6 7. d5 Ne5 8. Bf4
Nfd7 9. O-O a6 10. Qd2 Nc5 11. Nxe5 dxe5 12. Be3 b6 13. b4 Nb7 14. Rac1 f5 15.
exf5 Bxf5 16. Bh6 Qd6 17. a3 Rf6 18. Bxg7 Kxg7 19. Qe3 a5 20. Nb5 Qd7 21. Qxe5
c6 22. dxc6 Qxc6 23. Qxe7+ Kh6 24. Bf3 Re8 25. Qxb7 Qxb7 26. Bxb7 Bd3 27. Rfd1
Rfe6 28. Nc7 Be2 29. Re1 R6e7 30. Nxe8 Rxe8 31. Bf3 axb4 32. axb4 1-0

[Event "XVI Abierto de la Constitucion"]
[Site "San Sebastian de los Reyes"]
[Date "2014.12.02"]
[Round "3.18"]
[White "Martinez Miura, Enrique"]
[Black "Doval Mancheño, Pablo"]
[Result "1-0"]
[WhiteElo "1721"]
[BlackElo "1458"]
[PlyCount "47"]
[EventDate "2014.11.30"]

1. e4 e5 2. Nf3 Nc6 3. Bb5 Nge7 4. O-O g6 5. c3 a6 6. Ba4 Bg7 7. d4 exd4 8.
cxd4 d5 9. exd5 Qxd5 10. Nc3 Qd8 11. d5 Bxc3 12. dxc6 b5 13. Qxd8+ Kxd8 14.
bxc3 bxa4 15. Bg5 h6 16. Bf6 Re8 17. Rad1+ Bd7 18. Rxd7+ Kc8 19. Rxe7 Rxe7 20.
Bxe7 Kb8 21. Rb1+ Kc8 22. Rd1 Kb8 23. Rd8+ Ka7 24. Bc5# 1-0

[Event "XVI Abierto de la Constitucion"]
[Site "San Sebastian de los Reyes"]
[Date "2014.12.02"]
[Round "3.21"]
[White "Benito Mellado, Humberto"]
[Black "Guillo Sanchez-Galiano, Ernesto"]
[Result "1-0"]
[WhiteElo "1500"]
[BlackElo "1165"]
[PlyCount "67"]
[EventDate "2014.11.30"]

1. d4 Nf6 2. c4 g6 3. g3 Bg7 4. Nf3 O-O 5. Bg2 d6 6. O-O Bg4 7. Nbd2 Bxf3 8.
Nxf3 c5 9. Re1 Nc6 10. dxc5 dxc5 11. Qb3 Qc7 12. Bf4 e5 13. Be3 b6 14. Rad1
Rad8 15. Ng5 Nd4 16. Bxd4 exd4 17. e3 h6 18. Nf3 dxe3 19. Rxe3 Rxd1+ 20. Qxd1
Rd8 21. Qe2 Ng4 22. Re7 Rd1+ 23. Ne1 Rxe1+ 24. Qxe1 Qd6 25. Bd5 Qf6 26. Rxf7
Qxb2 27. Rf4+ Kh7 28. Rxg4 h5 29. Rh4 Qxa2 30. Qe4 Kh6 31. Bf7 Qa1+ 32. Kg2 Qf6
33. Qf4+ g5 34. Rxh5# 1-0

[Event "XVI Abierto de la Constitucion"]
[Site "San Sebastian de los Reyes"]
[Date "2014.12.02"]
[Round "3.22"]
[White "Rodenas Riesco, Alfonso"]
[Black "Martin Rodriguez, Jose Luis"]
[Result "0-1"]
[WhiteElo "1551"]
[BlackElo "1411"]
[PlyCount "88"]
[EventDate "2014.11.30"]

1. d4 Nf6 2. Nf3 e6 3. Bg5 Be7 4. Bxf6 Bxf6 5. e3 d5 6. Bd3 Nc6 7. a3 Bd7 8.
O-O O-O 9. Nbd2 Re8 10. c3 Qe7 11. Re1 e5 12. dxe5 Nxe5 13. Nxe5 Bxe5 14. Qh5
g6 15. Qe2 Qd6 16. Nf3 Bf6 17. Bb5 c6 18. Bd3 h5 19. h3 Kg7 20. Rab1 Rh8 21. e4
dxe4 22. Bxe4 Rae8 23. Qc2 Qf4 24. Rbd1 Bc8 25. Re3 g5 26. g3 Qc7 27. Nd4 Bxh3
28. Bf5 Rxe3 29. Bxh3 Re5 30. Nf5+ Kf8 31. Ne3 Rxe3 32. fxe3 Qxg3+ 33. Bg2
Qxe3+ 34. Kh1 Qe5 35. Rf1 Kg7 36. Qb3 Qc7 37. c4 Rd8 38. Qf3 Bxb2 39. Qf5 f6
40. Be4 Qf7 41. Qh7+ Kf8 42. Qf5 Qd7 43. Qf2 Qh3+ 44. Kg1 Bd4 0-1

[Event "XVI Abierto de la Constitucion"]
[Site "San Sebastian de los Reyes"]
[Date "2014.12.02"]
[Round "3.23"]
[White "Gomez Escurin, Jose Manuel"]
[Black "Hidalgo Prado, David"]
[Result "0-1"]
[WhiteElo "1326"]
[BlackElo "1449"]
[PlyCount "84"]
[EventDate "2014.11.30"]

1. e4 e6 2. d4 d5 3. e5 c5 4. Nf3 Nc6 5. c3 Qb6 6. Bd3 cxd4 7. cxd4 Bd7 8. Bc2
f6 9. Nc3 fxe5 10. dxe5 h6 11. O-O O-O-O 12. Na4 Qc7 13. a3 b5 14. Nc3 Nxe5 15.
Bf4 Nxf3+ 16. Qxf3 Bd6 17. Bxd6 Qxd6 18. b4 Nf6 19. Bd3 a6 20. Rfc1 Kb7 21.
Rcb1 Bc6 22. Qe2 d4 23. Ne4 Bxe4 24. Bxe4+ Nxe4 25. Qxe4+ Qd5 26. Qxd5+ Rxd5
27. f4 g5 28. fxg5 hxg5 29. Rf1 Rf5 30. Rad1 Rxf1+ 31. Rxf1 Kc6 32. Rc1+ Kd6
33. Rc5 e5 34. a4 Rb8 35. a5 Rf8 36. Rc1 d3 37. g3 g4 38. h4 gxh3 39. g4 Rg8
40. Kh2 Rxg4 41. Rd1 Rd4 42. Kxh3 e4 0-1

[Event "XVI Abierto de la Constitucion"]
[Site "San Sebastian de los Reyes"]
[Date "2014.12.02"]
[Round "3.24"]
[White "Mehalingam, Karunanithi"]
[Black "Karunanithi, Bharath"]
[Result "0-1"]
[WhiteElo "1443"]
[BlackElo "1182"]
[PlyCount "70"]
[EventDate "2014.11.30"]

1. e4 e5 2. Nf3 Nc6 3. d4 exd4 4. Nxd4 Bc5 5. Be3 Qf6 6. c3 Nge7 7. Be2 d5 8.
a4 O-O 9. Qd3 Ne5 10. Qc2 Bd7 11. O-O Qg6 12. f4 Bh3 13. Rf2 Ng4 14. Bxg4 Qxg4
15. Nd2 f5 16. e5 Nc6 17. N2f3 h6 18. b4 Bxd4 19. Nxd4 Qg6 20. Rf3 Bg4 21. Rg3
h5 22. h4 Qf7 23. Bf2 Rae8 24. Re1 Qe7 25. Rge3 Nxd4 26. cxd4 Qxb4 27. Qxc7
Qxa4 28. e6 Qxd4 29. e7 Rf7 30. Qd7 Rexe7 31. Rxe7 Rxe7 32. Rxe7 Qa1+ 33. Kh2
Qb2 34. Rxg7+ Qxg7 35. Bd4 Qxd7 0-1

[Event "XVI Abierto de la Constitucion"]
[Site "San Sebastian de los Reyes"]
[Date "2014.12.03"]
[Round "4.1"]
[White "Hernando Pertierra, Jose C."]
[Black "Perez Mitjans, Orelvis"]
[Result "1-0"]
[WhiteElo "2382"]
[BlackElo "2463"]
[PlyCount "99"]
[EventDate "2014.11.30"]

1. e4 c5 2. Nf3 d6 3. Bb5+ Nd7 4. O-O a6 5. Bxd7+ Bxd7 6. h3 Nf6 7. Re1 e6 8.
c4 e5 9. d3 h6 10. Nc3 Be7 11. Rf1 g5 12. Ne1 Qc7 13. Nc2 O-O-O 14. Ne3 Be6 15.
Ncd5 Bxd5 16. cxd5 Rdg8 17. b4 h5 18. Bb2 g4 19. h4 g3 20. bxc5 dxc5 21. Nc4
Nd7 22. fxg3 Rxg3 23. Rxf7 Rhg8 24. Rxe7 Rxg2+ 25. Kh1 Qd8 26. Nd6+ Kb8 27. Qb3
b6 28. Nf5 c4 29. Rxd7 Qxd7 30. Qxb6+ Ka8 31. Qxa6+ Qa7 32. Qc6+ Qb7 33. Qxb7+
Kxb7 34. Nd6+ Ka6 35. Nxc4 R2g4 36. Bxe5 Rxh4+ 37. Bh2 Rf8 38. Ne3 Rh3 39. Re1
Rff3 40. Ng2 Rf2 41. d4 Rd3 42. d6 Rdd2 43. d7 Rxg2 44. Bf4 Rxd4 45. Kxg2 Rxd7
46. e5 Kb5 47. e6 Re7 48. Bg5 Re8 49. e7 Kc6 50. Rd1 1-0

[Event "XVI Abierto de la Constitucion"]
[Site "San Sebastian de los Reyes"]
[Date "2014.12.03"]
[Round "4.2"]
[White "Valles Moreno, Ivan"]
[Black "Roa Alonso, Santiago"]
[Result "1/2-1/2"]
[WhiteElo "2391"]
[BlackElo "2387"]
[PlyCount "41"]
[EventDate "2014.11.30"]

1. e4 e5 2. Nf3 Nc6 3. Nc3 Nf6 4. g3 Bc5 5. Bg2 d6 6. d3 a6 7. O-O O-O 8. Be3
Bxe3 9. fxe3 Ne7 10. Nh4 Ng4 11. Qe2 c6 12. Nf5 Nxf5 13. exf5 Qg5 14. Rf3 d5
15. e4 d4 16. Nd1 c5 17. h4 Qh6 18. Bh3 Nf6 19. Qf2 Kh8 20. g4 g5 21. Qh2
1/2-1/2

[Event "XVI Abierto de la Constitucion"]
[Site "San Sebastian de los Reyes"]
[Date "2014.12.03"]
[Round "4.3"]
[White "Cervino Rossel, Cristobal"]
[Black "Martin Duque, Jesus"]
[Result "1/2-1/2"]
[WhiteElo "2087"]
[BlackElo "2357"]
[PlyCount "43"]
[EventDate "2014.11.30"]

1. d4 Nf6 2. Nf3 d5 3. c4 c6 4. Nc3 dxc4 5. a4 Bf5 6. e3 e6 7. Bxc4 Bb4 8. O-O
O-O 9. Qe2 Nbd7 10. e4 Bg6 11. e5 Nd5 12. Nxd5 cxd5 13. Bd3 Bxd3 14. Qxd3 Be7
15. Qb5 Qc7 16. Bd2 a6 17. Rac1 Qxc1 18. Qxd7 Qxb2 19. Qxe7 Rfe8 20. Qb4 Qxb4
21. Bxb4 b6 22. a5 1/2-1/2

[Event "XVI Abierto de la Constitucion"]
[Site "San Sebastian de los Reyes"]
[Date "2014.12.03"]
[Round "4.4"]
[White "Quevedo Marin, Manuel"]
[Black "Martin Rodriguez, Emilio"]
[Result "1-0"]
[WhiteElo "2192"]
[BlackElo "2086"]
[PlyCount "127"]
[EventDate "2014.11.30"]

1. d4 d5 2. c4 c6 3. Nf3 Nf6 4. e3 g6 5. Nbd2 Bf5 6. Be2 Bg7 7. O-O O-O 8. h3
Ne4 9. Qb3 Qb6 10. Qa3 Re8 11. Rd1 Na6 12. g4 Bc8 13. c5 Qc7 14. Qb3 f5 15.
gxf5 Nxd2 16. Bxd2 Bxf5 17. Bf1 Rf8 18. Ng5 Bd7 19. e4 e6 20. e5 h6 21. Nf3 Rf7
22. Qd3 Raf8 23. Bg2 g5 24. Rf1 Rf5 25. Nh2 Be8 26. Bf3 h5 27. Qe2 Qf7 28. Bg2
Nc7 29. a4 Kh7 30. Ra3 Bh6 31. Rb3 Na6 32. Qd3 Qg7 33. Qg3 Bg6 34. Nf3 Qe7 35.
h4 gxh4 36. Nxh4 Rg8 37. Bxh6 Kxh6 38. Nxf5+ exf5 39. Qf4+ Kh7 40. e6 Rg7 41.
Re1 Qf6 42. Qe5 Qxe5 43. Rxe5 Re7 44. Bh3 f4 45. Bf5 Kg7 46. Kg2 Kf6 47. Bxg6
Kxg6 48. Kf3 h4 49. Kxf4 Nc7 50. Kg4 Nxe6 51. f4 Kf6 52. Rf5+ Kg6 53. Re3 h3
54. Rxh3 Rg7 55. Rd3 Rh7 56. Re3 Nxd4 57. Rg5+ Kf6 58. Re8 Rh2 59. Rf8+ Ke7 60.
Rb8 Ne6 61. Rxb7+ Kf6 62. Rh5 Rg2+ 63. Kf3 Rc2 64. Rh6+ 1-0

[Event "XVI Abierto de la Constitucion"]
[Site "San Sebastian de los Reyes"]
[Date "2014.12.03"]
[Round "4.5"]
[White "De La Orden Alcocer, Alejandro"]
[Black "Aziz Ortego, Omar Luis"]
[Result "1-0"]
[WhiteElo "1959"]
[BlackElo "2103"]
[PlyCount "195"]
[EventDate "2014.11.30"]

1. g3 e5 2. c4 f5 3. d3 Nf6 4. Bg2 g6 5. Nf3 d6 6. Nc3 Bg7 7. O-O O-O 8. Rb1 a5
9. a3 h6 10. b4 axb4 11. axb4 g5 12. Bb2 f4 13. Nd2 Nc6 14. Nd5 Nxd5 15. Bxd5+
Kh8 16. b5 Ne7 17. Bg2 Nf5 18. Ra1 Rb8 19. Ne4 b6 20. Ra7 Be6 21. Qc2 Nd4 22.
Bxd4 exd4 23. Rfa1 Rf7 24. Nd2 fxg3 25. hxg3 Qe7 26. Ra8 Rbf8 27. Rxf8+ Rxf8
28. Ra8 Rxa8 29. Bxa8 Bg4 30. Bf3 Be6 31. Qa2 Be5 32. Qa8+ Kg7 33. Qe4 Qd7 34.
Qc6 Qd8 35. Bh5 Bd7 36. Qe4 Qf6 37. Bg4 Be8 38. Qf5 d5 39. Qe6 Bf7 40. Qd7 Qd6
41. Qxd6 Bxd6 42. cxd5 Bxd5 43. Nc4 Bc5 44. Bd7 Kf6 45. Nd2 Ke7 46. Bc8 Bf7 47.
Kg2 Bh5 48. g4 Be8 49. Ba6 Kd8 50. Nc4 c6 51. bxc6 Bxc6+ 52. f3 b5 53. Na5 Kc7
54. Nxc6 Kxc6 55. Kf2 Bb6 56. Ke1 Ba5+ 57. Kd1 Bc3 58. Kc2 b4 59. Bc4 Kd6 60.
Kd1 Ke5 61. Bg8 Kf4 62. Bc4 Kg3 63. Bg8 Kh4 64. Bf7 Ba1 65. Kc2 Kg3 66. Kd1 Bc3
67. Bg8 Kf4 68. Bc4 Ke5 69. Kc2 Kf6 70. Kd1 Kg6 71. Kc2 h5 72. gxh5+ Kxh5 73.
Be6 Kh4 74. Kd1 Kg3 75. Bc4 Kf4 76. Be6 Ke5 77. Bc4 Kd6 78. Kc2 Kc5 79. Kb3 Be1
80. Ba6 Kd6 81. Bc4 Ke5 82. Kc2 Kf6 83. Kd1 Bg3 84. Bg8 Bd6 85. Bc4 Ke5 86. Bg8
Kf4 87. Bc4 Kg3 88. Bg8 g4 89. fxg4 Kxg4 90. Bd5 Kf4 91. Bg8 Be7 92. Bc4 Ke5
93. Bg8 Kd6 94. Kc2 Kc5 95. Kb3 Kb5 96. Be6 Bg5 97. Bg8 Be3 98. Bf7 1-0

[Event "XVI Abierto de la Constitucion"]
[Site "San Sebastian de los Reyes"]
[Date "2014.12.03"]
[Round "4.6"]
[White "Cardenas Serrano, Sergio"]
[Black "Ruiz Sanchez, Roberto"]
[Result "1-0"]
[WhiteElo "2100"]
[BlackElo "1940"]
[PlyCount "61"]
[EventDate "2014.11.30"]

1. e4 c6 2. d4 d5 3. exd5 cxd5 4. c4 Nf6 5. Nc3 e6 6. Nf3 Be7 7. cxd5 Nxd5 8.
Bd3 O-O 9. O-O Nc6 10. Re1 Bf6 11. Be4 Nce7 12. Ne5 Nc6 13. Nxc6 bxc6 14. Na4
Qd6 15. Nc5 e5 16. Nb3 g6 17. Bh6 Rd8 18. Rc1 Be6 19. g3 Rab8 20. Na5 Rxb2 21.
Nc4 Qb8 22. Nxb2 Qxb2 23. dxe5 Bxe5 24. Rxc6 Qxa2 25. Re2 Qa5 26. Rd2 Bc3 27.
Rxc3 Qxc3 28. Bxd5 Rxd5 29. Rxd5 Bxd5 30. Qxd5 Qa1+ 31. Kg2 1-0

[Event "XVI Abierto de la Constitucion"]
[Site "San Sebastian de los Reyes"]
[Date "2014.12.03"]
[Round "4.7"]
[White "De Dompablo Fantova, Juan"]
[Black "Lopez De Turiso, Jose Angel"]
[Result "0-1"]
[WhiteElo "1737"]
[BlackElo "2090"]
[PlyCount "36"]
[EventDate "2014.11.30"]

1. e4 c5 2. Nf3 Nc6 3. d4 cxd4 4. Nxd4 e5 5. Nf3 Nf6 6. Nc3 Bb4 7. Bd3 d5 8.
Bg5 d4 9. a3 Ba5 10. b4 Nxb4 11. Bb5+ Nc6 12. Nxe5 Bxc3+ 13. Kf1 O-O 14. Nxc6
bxc6 15. Bxc6 Ba6+ 16. Kg1 Rc8 17. Bd5 Bxa1 18. Qxa1 Qd6 0-1

[Event "XVI Abierto de la Constitucion"]
[Site "San Sebastian de los Reyes"]
[Date "2014.12.03"]
[Round "4.9"]
[White "Bustos Serrano, Doroteo"]
[Black "Reyes Peñas, Sebastian"]
[Result "1-0"]
[WhiteElo "2057"]
[BlackElo "1563"]
[PlyCount "61"]
[EventDate "2014.11.30"]

1. e4 c5 2. Nf3 e6 3. b3 Nc6 4. Bb2 d6 5. d4 cxd4 6. Nxd4 Bd7 7. Nd2 e5 8. N4f3
Be6 9. Be2 g6 10. O-O Bg7 11. Nc4 Bxc4 12. Bxc4 Nf6 13. Qe2 O-O 14. Rfd1 Qc7
15. c3 a6 16. Ba3 Rfd8 17. Rd3 Ne7 18. Rad1 b5 19. Bxf7+ Kxf7 20. Ng5+ Kg8 21.
Ne6 Qc6 22. Nxd8 Rxd8 23. Bxd6 Nc8 24. Bxe5 Nd7 25. Bxg7 Kxg7 26. Qd2 Ncb6 27.
Rd6 Qc7 28. Qd4+ Kf7 29. Rxb6 Qc8 30. Qd5+ Kg7 31. Rb7 1-0

[Event "XVI Abierto de la Constitucion"]
[Site "San Sebastian de los Reyes"]
[Date "2014.12.03"]
[Round "4.11"]
[White "Molina Garcia, Francisco J."]
[Black "Lopez Ziegler, Juan Jose"]
[Result "0-1"]
[WhiteElo "1891"]
[BlackElo "1510"]
[PlyCount "44"]
[EventDate "2014.11.30"]

1. d4 Nf6 2. c4 e6 3. Nc3 Bb4 4. Qc2 O-O 5. a3 Bxc3+ 6. Qxc3 d6 7. Bg5 Nbd7 8.
Nf3 Qe7 9. e3 a5 10. Be2 e5 11. dxe5 dxe5 12. O-O Re8 13. b4 Ne4 14. Bxe7 Nxc3
15. Bd3 Rxe7 16. Bc2 Nf6 17. Nd2 g6 18. f3 Rd7 19. Rf2 axb4 20. Rc1 Rxa3 21. f4
exf4 22. Rxf4 Ne2+ 0-1

[Event "XVI Abierto de la Constitucion"]
[Site "San Sebastian de los Reyes"]
[Date "2014.12.03"]
[Round "4.12"]
[White "Infante Martin, Alonso"]
[Black "Perez Cameselle, Francisco"]
[Result "1/2-1/2"]
[WhiteElo "1463"]
[BlackElo "1852"]
[PlyCount "160"]
[EventDate "2014.11.30"]

1. d4 Nf6 2. c3 g6 3. Nf3 Bg7 4. Nbd2 d6 5. e4 Nbd7 6. Bd3 e5 7. O-O O-O 8. d5
Nc5 9. Bc2 a5 10. a4 Ne8 11. b4 axb4 12. cxb4 Na6 13. b5 Nc5 14. Nc4 b6 15. Be3
Qe7 16. Bxc5 dxc5 17. a5 Nd6 18. Nxd6 cxd6 19. a6 Bg4 20. Qd3 Bxf3 21. Qxf3 f5
22. g3 fxe4 23. Qxe4 Qd7 24. Bd3 Qh3 25. Ra2 Rf7 26. Be2 Qf5 27. f3 Bh6 28. Kg2
Qg5 29. h4 Qe7 30. Kh3 Raf8 31. a7 Ra8 32. Rfa1 Qd7+ 33. Kg2 Qf5 34. Ra6 Rb7
35. Bd3 Qd7 36. Be2 Rbxa7 37. f4 Rxa6 38. Rxa6 Rxa6 39. bxa6 Bg7 40. fxe5 Bxe5
41. Qc4 Bd4 42. Qb5 Qf7 43. Bf3 Qa7 44. Qe8+ Kg7 45. Be2 c4 46. Bxc4 b5 47.
Bxb5 Qc5 48. Qd7+ Kh6 49. Qc6 Bg1 50. Qxc5 Bxc5 51. Kf3 g5 52. Kg4 gxh4 53.
gxh4 Kg7 54. h5 h6 55. Kf5 Kf7 56. Bd7 Bd4 57. Be6+ Kg7 58. Bd7 Kf7 59. Be6+
Kg7 60. Ke4 Bc5 61. Kd3 Kf6 62. Kc4 Kg5 63. Bf7 Kf6 64. Bg8 Kg5 65. Bf7 Kf6 66.
Be8 Ke7 67. Bc6 Kd8 68. Kb5 Kc7 69. Be8 Be3 70. Bc6 Bc5 71. Kc4 Kb6 72. Bb7 Be3
73. Kd3 Bf4 74. Ke4 Be5 75. Kf5 Bd4 76. Ke6 Be5 77. Kd7 Bf4 78. Kc8 Ka7 79. Kc7
Bg3 80. Kc6 Bf4 1/2-1/2

[Event "XVI Abierto de la Constitucion"]
[Site "San Sebastian de los Reyes"]
[Date "2014.12.03"]
[Round "4.13"]
[White "Garcia Lopez, Fernando"]
[Black "Guillo Longares, Cecilia"]
[Result "1-0"]
[WhiteElo "1643"]
[BlackElo "1731"]
[PlyCount "69"]
[EventDate "2014.11.30"]

1. e4 c5 2. Nf3 Nc6 3. d4 cxd4 4. Nxd4 g6 5. Be3 Bg7 6. Nc3 Nf6 7. f3 O-O 8.
Qd2 d6 9. O-O-O Bd7 10. g4 Ne5 11. Be2 a6 12. h3 b5 13. f4 Nc6 14. g5 b4 15.
gxf6 bxc3 16. Qxc3 Bxf6 17. Bg4 Rc8 18. Qe1 Qc7 19. Bxd7 Nxd4 20. c3 Qxd7 21.
Bxd4 Bxd4 22. Rxd4 Qa7 23. Kb1 Rb8 24. Qc1 a5 25. e5 dxe5 26. fxe5 Rb5 27. Re1
Rfb8 28. b3 a4 29. b4 Rxb4+ 30. Rxb4 Rxb4+ 31. cxb4 Qd4 32. Qc5 Qd3+ 33. Qc2
Qa3 34. Qe4 Kg7 35. Re3 1-0

[Event "XVI Abierto de la Constitucion"]
[Site "San Sebastian de los Reyes"]
[Date "2014.12.03"]
[Round "4.14"]
[White "Alvarez Gonzalez, Eduardo"]
[Black "Guzman Castro, Enrique"]
[Result "1/2-1/2"]
[WhiteElo "1831"]
[BlackElo "1610"]
[PlyCount "148"]
[EventDate "2014.11.30"]

1. d4 Nf6 2. Nf3 g6 3. c4 Bg7 4. Nc3 d5 5. Bf4 c6 6. e3 Bg4 7. Be2 Nbd7 8. cxd5
Nxd5 9. Nxd5 cxd5 10. O-O O-O 11. Qb3 Nb6 12. Rac1 Rc8 13. Rfd1 Qd7 14. h3 Bxf3
15. Bxf3 e6 16. Be2 Rxc1 17. Rxc1 Rc8 18. Rc3 Rxc3 19. Qxc3 Qc6 20. Qxc6 bxc6
21. b3 Nd7 22. Ba6 Kf8 23. Bd6+ Ke8 24. Bb7 e5 25. dxe5 Bxe5 26. Bxe5 Nxe5 27.
f4 Nd3 28. Bxc6+ Ke7 29. Bxd5 Nb4 30. Bc4 Nxa2 31. Kf2 Nb4 32. e4 f6 33. Ke3
Nc2+ 34. Kd2 Nb4 35. Kc3 a5 36. Kd4 Kd6 37. e5+ fxe5+ 38. fxe5+ Kc6 39. Bg8 h6
40. Bf7 Nc2+ 41. Kc3 Nb4 42. Kc4 Kd7 43. Kb5 Kc7 44. Bc4 Nc6 45. e6 Kd6 46. g4
g5 47. Kb6 Ne7 48. Kxa5 Kc5 49. Bb5 Kd6 50. Bd7 Nd5 51. b4 Kc7 52. Kb5 Kd6 53.
Kc4 Ne3+ 54. Kd3 Nd5 55. b5 Nf4+ 56. Ke4 Nxh3 57. b6 Nf4 58. Kf5 Nd5 59. Kg6
Nxb6 60. Kxh6 Ke7 61. Kxg5 Nd5 62. Kg6 Nf4+ 63. Kf5 Nd5 64. g5 Kf8 65. Ke5 Ne7
66. Kf6 Nd5+ 67. Kg6 Kg8 68. Kh6 Ne7 69. g6 Kh8 70. Be8 Ng8+ 71. Kg5 Kg7 72.
Bf7 Ne7 73. Kf4 Kf6 74. Ke4 Nxg6 1/2-1/2

[Event "XVI Abierto de la Constitucion"]
[Site "San Sebastian de los Reyes"]
[Date "2014.12.03"]
[Round "4.15"]
[White "Hidalgo Prado, David"]
[Black "Yeves Miquel, Enrique"]
[Result "1/2-1/2"]
[WhiteElo "1449"]
[BlackElo "1732"]
[PlyCount "69"]
[EventDate "2014.11.30"]

1. e4 c5 2. Nf3 e6 3. b3 b6 4. Bb2 Bb7 5. Nc3 a6 6. d4 cxd4 7. Nxd4 Nf6 8. Bd3
d6 9. Qe2 Nbd7 10. Nf3 Qc7 11. O-O Be7 12. Rfe1 O-O 13. Rac1 Nc5 14. b4 Nxd3
15. cxd3 Qd8 16. a3 b5 17. Nd2 Qd7 18. d4 Rfe8 19. Qd3 Rac8 20. Ne2 Rxc1 21.
Rxc1 Rc8 22. Rc3 Ne8 23. Rxc8 Qxc8 24. Qc3 Qd7 25. f3 Bf6 26. Nb3 Qc7 27. Bc1
Qxc3 28. Nxc3 Be7 29. Be3 f5 30. e5 dxe5 31. dxe5 Nc7 32. Nc5 Bxc5 33. Bxc5 Nd5
34. Nxd5 Bxd5 35. f4 1/2-1/2

[Event "XVI Abierto de la Constitucion"]
[Site "San Sebastian de los Reyes"]
[Date "2014.12.03"]
[Round "4.16"]
[White "Campomanes Rodriguez, Javier"]
[Black "Martin Rodriguez, Jose Luis"]
[Result "1-0"]
[WhiteElo "1726"]
[BlackElo "1411"]
[PlyCount "73"]
[EventDate "2014.11.30"]

1. c4 e5 2. Nc3 Nf6 3. d3 d5 4. cxd5 Nxd5 5. g3 Bb4 6. Bd2 Nxc3 7. bxc3 Bd6 8.
Bg2 c6 9. e4 O-O 10. Nf3 h6 11. O-O Be6 12. Be3 Bg4 13. Qb3 Qe7 14. Rab1 b5 15.
d4 Bd7 16. dxe5 Bxe5 17. Nxe5 Qxe5 18. f4 Qe7 19. f5 Kh7 20. Bd4 f6 21. Rbe1
Qd8 22. Bc5 Re8 23. Qf7 Na6 24. Qg6+ Kh8 25. Be3 Qe7 26. Rf4 Rf8 27. Rh4 Be8
28. Qg4 Nc5 29. Bxh6 Kg8 30. Be3 Nd3 31. Rf1 Ne5 32. Qh3 Bd7 33. Rh8+ Kf7 34.
Qh5+ g6 35. Rh7+ Kg8 36. fxg6 Bg4 37. Rh8+ 1-0

[Event "XVI Abierto de la Constitucion"]
[Site "San Sebastian de los Reyes"]
[Date "2014.12.03"]
[Round "4.17"]
[White "Karunanithi, Bharath"]
[Black "Minguela Muñoz, Bienvenido"]
[Result "0-1"]
[WhiteElo "1182"]
[BlackElo "1717"]
[PlyCount "54"]
[EventDate "2014.11.30"]

1. e4 c5 2. Nf3 Nc6 3. d3 d6 4. Nc3 Nf6 5. Be3 a6 6. Be2 Ng4 7. h3 Nxe3 8. fxe3
g6 9. O-O Bh6 10. Nd5 Nb4 11. Qd2 Nxd5 12. exd5 O-O 13. d4 cxd4 14. Nxd4 Qb6
15. Qc3 Bd7 16. Rf3 Rac8 17. Qb3 Qa7 18. Raf1 Bg7 19. Kh1 b5 20. c3 Rc5 21. Qa3
Qb7 22. b3 Rxc3 23. Qa5 Bxd4 24. exd4 Rxf3 25. Bxf3 Rc8 26. Re1 Be8 27. a4 Rc7
{Tiempo.} 0-1